000 00728nam a22001817a 4500
005 20250715102609.0
008 250715b |||||||| |||| 00| 0 eng d
020 _a9789937173506
082 _223rd
_aN891.4954
_bN642s
100 _aनेपाल, ध्रुव
241 _aSike po ! nibandha sangraha / Dhruba Nepal.
245 _aसिके पो !
_bनिबन्ध सङ्ग्रह /
_cध्रुव नेपाल.
260 _aकाठमाडौं :
_bमकालु ग्रुप अफ कम्पनी,
_c२०८१वि.
300 _a१२०पृ.
650 _aनेपाली निबन्ध
650 _aनेपाली साहित्य
942 _2ddc
_cISBN
999 _c123793
_d123781